| 000 | 00803nam a2200253 a 4500 | ||
|---|---|---|---|
| 001 | 42314 | ||
| 003 | BD-RjUL | ||
| 005 | 20211209053525.0 | ||
| 008 | 160611s1953 is b 001 0 eng d | ||
| 035 | _a(BD-RjUL)42432 | ||
| 035 | _a1017483 | ||
| 040 |
_aANL _beng _cANL _dBD-RjUL |
||
| 041 | _aeng | ||
| 082 | 0 | 4 |
_a328.6209 _bLAP 1953 |
| 100 | 1 |
_aLandau, Jacob M., _d1924- _9130127 |
|
| 245 | 1 | 0 |
_aParliaments and parties in Egypt / _cJacob M. Landau ; with a foreword by Bernard Lewis. |
| 260 |
_aTel-Aviv : _bIsrael Pub. House for Israel Oriental Society, _c1953. |
||
| 300 |
_avii, 212 p. ; _c24 cm. |
||
| 504 | _aIncludes Bibliography and index | ||
| 650 | 0 |
_aLegislative bodies _zEgypt. _9130128 |
|
| 650 | 0 |
_aPolitical parties _zEgypt. _9130129 |
|
| 942 |
_2ddc _cBK |
||
| 999 |
_c42314 _d42314 |
||